00533 a2200169 4500020001500000040001300015082000800028245007700036246002200113250004400135260005800179300002600237500003000263500002200293650002500315700002300340 a0198607342 aDLCbDLC00a08204aThe Oxford dictionary of modern quotations cedited by Elizabeth Knowles30aModern quotations a2nd ed. with suppl., Soundbytes 2002-03 aOxford ;aNew York :bOxford University Press,c2003. axiv, 496 p. ;c24 cm. a"Revised edition"--Cover. aIncludes indexes. 0aQuotations, English.1 aKnowles, Elizabeth